Statistiques concernant Qui est ce chat ?

Cliquez ici pour prendre le quiz!

Statistiques générales

  • Ce quiz a été pris 29 fois
  • Le résultat moyen est 4 sur 12

Statistiques - réponses

Réponse% Correct
Nyan cat
89%
Unsettled Tom
74%
Grumpy cat
59%
Pop cat
33%
Crying cat
30%
Keyboard cat
30%
Cat Jam / Vibing cat
26%
Maxwell the cat
19%
Polite cat
19%
Smudge the cat
19%
Pusheen
11%
Oh no cringe
4%

Distribution des résultats

Percentile par nombre de réponses

% des personnes avec chaque résultat

Votre développement - résultats

Vous n’avez pas pris ce quiz